| 000 | 00456nam a2200181Ia 4500 | ||
|---|---|---|---|
| 008 | 140306s9999 xx 000 0 und d | ||
| 020 | _a9.7804398176e+012 | ||
| 050 |
_aPZ 7 _b.M478In 2005 |
||
| 100 | _aMcDuff, Dona R. | ||
| 245 |
_aIn and Out / _cDona R. McDuff |
||
| 260 |
_aUSA : _bScholastic Inc, _cc2005. |
||
| 300 |
_a9 p. : _bcol. Ill. ; _c15 cm. |
||
| 521 | _aG1 | ||
| 526 | _cBR | ||
| 650 |
_aDogs _xFiction. |
||
| 942 | _cBK | ||
| 999 |
_c42882 _d42882 |
||